| 000 | 00755nam a2200241 i 4500 | ||
|---|---|---|---|
| 001 | bgj | ||
| 245 | 0 | 0 |
_aDeutsche Konversation mit Modellen : _bEin Übungsbuch für Fortgeschrittene / _cAutorenkollektiv: Sieglinde Czichocki [et al.] ; Wissenchaftliche Leitung: Johannes Wenzel. |
| 260 |
_aLeipzig : _bVEB Verlag Enzyklopädie, _c1974. |
||
| 300 |
_a279, [1], [4] S. : _bIll. ; _c22 cm. |
||
| 504 | _aBibliographie S. 279. | ||
| 505 | _aRegister. | ||
| 650 | 9 | _aDeutsche Sprache | |
| 650 | 9 | _aGrammatiken | |
| 650 | 9 | _aLexika | |
| 651 | 9 | _aDeutschland | |
| 655 | _aLehrbücher | ||
| 700 | 1 | _aCZICHOCKI, Sieglinde | |
| 700 | 1 | _aWENZEL, Johannes | |
| 040 | _cBPK | ||
| 041 | 0 | _ager | |
| 942 | _cKS | ||
| 008 | s gw f |000 0 ger | ||
| 999 |
_c49484 _d49484 |
||
| 856 |
_uhttp://koha.tu.koszalin.pl/cgi-bin/koha/opac-detail.pl?biblionumber=49484 _yKatalog online BPK |
||